[Event "XXVIII Festival Conca della Presolana A"]
[Site "Bratto - Castione della Presolana ITA"]
[Date "2008.08.27"]
[Round "6"]
[White "Sbarra, Marco"]
[Black "Radice, Luca"]
[Result "1-0"]
[WhiteElo "2236"]
[BlackElo "2098"]
[PlyCount "107"]
[EventDate "2008.08.22"]

1. d4 e6 2. Nf3 Nf6 3. g3 b6 4. Bg2 Bb7 5. O-O Be7 6. c4 O-O 7. Nc3 d5 8. cxd5
exd5 9. Bf4 a6 10. Ne5 c5 11. dxc5 bxc5 12. Qb3 Ra7 13. Rfd1 c4 14. Qc2 Qa5 15.
e4 dxe4 16. Nxc4 Qh5 17. Be3 Bc5 18. Bxc5 Qxc5 19. Nd6 Ba8 20. Ndxe4 Nxe4 21.
Bxe4 Bxe4 22. Qxe4 Re7 23. Qa4 Qf5 24. Rd5 Qh3 25. Rad1 Ree8 26. R5d4 Qe6 27.
Nd5 Qe5 28. Ne3 Rc8 29. b3 h6 30. Rd5 Qb2 31. R5d2 Qe5 32. Qg4 f5 33. Nc4 Qf6
34. Qf3 Qg5 35. Qd5+ Kh8 36. Nd6 Rc7 37. Re2 Qg6 38. Re6 Qh5 39. Rde1 Rd7 40.
Qc5 Rdd8 41. Re7 Kh7 42. Qc7 Rg8 43. Rxg7+ Rxg7 44. Qxd8 Nc6 45. Qf6 f4 46.
Qxf4 Ne7 47. Qe4+ Kh8 48. Qa8+ Rg8 49. Qb7 Ng6 50. Nf7+ Kg7 51. Ng5+ Kf6 52.
Re6+ Kxg5 53. Qd5+ Kg4 54. f3+ 1-0

[Event "XXVIII Festival Conca della Presolana A"]
[Site "Bratto - Castione della Presolana ITA"]
[Date "2008.08.27"]
[Round "6"]
[White "Scalcione, Michelangelo"]
[Black "Salvador, Roland"]
[Result "0-1"]
[WhiteElo "2398"]
[BlackElo "2443"]
[PlyCount "102"]
[EventDate "2008.08.22"]

1. Nf3 d5 2. d4 Nf6 3. c4 c6 4. Nc3 dxc4 5. a4 Na6 6. e3 Bg4 7. Bxc4 e6 8. O-O
Nb4 9. Qe2 Be7 10. Bd2 O-O 11. Rad1 a6 12. Bc1 Qa5 13. h3 Bh5 14. e4 Rfd8 15.
Bb3 Qb6 16. e5 Nd7 17. Rfe1 Nd3 18. Rxd3 Qxb3 19. g4 Bg6 20. Re3 Nb6 21. h4 h6
22. h5 Bh7 23. g5 hxg5 24. Ne4 Qc4 25. Rd3 g4 26. Nfd2 Qa2 27. Rc3 Qxa4 28.
Qxg4 Bf5 29. Qg2 Rxd4 30. Rg3 Bf8 31. Nf6+ Kh8 32. Nf3 Rd1 33. Bh6 Rxe1+ 34.
Nxe1 Qd1 35. Rxg7 Qxe1+ 36. Kh2 Qxe5+ 37. f4 Qxf6 38. Rg8+ Kh7 39. Bxf8 Rxf8
40. Rxf8 Qg7 41. Qxg7+ Kxg7 42. Rb8 Nd5 43. Rxb7 Nxf4 44. h6+ Kxh6 45. Rxf7 Nd3
46. Rb7 a5 47. Kg3 Be4 48. Ra7 Nxb2 49. Rxa5 Kg6 50. Re5 Bd5 51. Re2 Nc4 0-1

[Event "XXVIII Festival Conca della Presolana A"]
[Site "Bratto - Castione della Presolana ITA"]
[Date "2008.08.27"]
[Round "6"]
[White "Scotti, Umberto"]
[Black "Osuna Munoz, Xavier"]
[Result "1-0"]
[WhiteElo "2172"]
[BlackElo "2093"]
[PlyCount "79"]
[EventDate "2008.08.22"]

1. d4 e6 2. Nf3 f5 3. g3 Nf6 4. Bg2 d5 5. O-O Bd6 6. c4 c6 7. b3 Qe7 8. Bb2 O-O
9. Nbd2 Nbd7 10. Qc2 a5 11. Ne5 a4 12. Ndf3 Ne4 13. Nxd7 Bxd7 14. Ne5 Bxe5 15.
dxe5 a3 16. Bc3 Nxc3 17. Qxc3 f4 18. Rad1 Be8 19. Rd4 Bh5 20. Qd2 g5 21. gxf4
gxf4 22. Rxf4 Rxf4 23. Qxf4 Bxe2 24. Re1 Bh5 25. Re3 Rf8 26. Rg3+ Kh8 27. Qd2
Qf7 28. Bh3 Rg8 29. cxd5 cxd5 30. Qc1 Rxg3+ 31. hxg3 d4 32. Qc4 d3 33. Qxd3 Qc7
34. Qd6 Qc1+ 35. Kh2 Kg7 36. Qe7+ Kh6 37. Qf6+ Bg6 38. Bxe6 Qb2 39. Kh3 Qe2 40.
Qf8+ 1-0

[Event "XXVIII Festival Conca della Presolana A"]
[Site "Bratto - Castione della Presolana ITA"]
[Date "2008.08.27"]
[Round "6"]
[White "Simutowe, Amon"]
[Black "Matamoros Franco, Carlos S."]
[Result "0-1"]
[WhiteElo "2458"]
[BlackElo "2508"]
[PlyCount "54"]
[EventDate "2008.08.22"]

1. d4 d5 2. c4 c6 3. Nc3 Nf6 4. Nf3 a6 5. c5 g6 6. Bf4 Bg7 7. e3 Bf5 8. h3 Nbd7
9. Nd2 O-O 10. g4 Be6 11. b4 Ne8 12. Nb3 f6 13. Bg3 Bf7 14. Be2 e5 15. f4 exd4
16. exd4 f5 17. g5 Nc7 18. Qd2 Ne6 19. Bf2 Qc7 20. Be3 b6 21. O-O bxc5 22. dxc5
d4 23. Nxd4 Ndxc5 24. Nxe6 Nxe6 25. Bf3 Rad8 26. Qc1 Rd3 27. Nd5 cxd5 0-1

[Event "XXVIII Festival Conca della Presolana A"]
[Site "Bratto - Castione della Presolana ITA"]
[Date "2008.08.27"]
[Round "6"]
[White "Spassov, Liuben D."]
[Black "Burmakin, Vladimir"]
[Result "0-1"]
[WhiteElo "2428"]
[BlackElo "2625"]
[PlyCount "88"]
[EventDate "2008.08.22"]

1. d4 d5 2. c4 c6 3. Nf3 Nf6 4. Qb3 e6 5. Bg5 Nbd7 6. Nc3 Be7 7. e3 h6 8. Bh4
O-O 9. Bd3 Ne8 10. Bxe7 Qxe7 11. O-O dxc4 12. Bxc4 Nd6 13. Be2 e5 14. dxe5 Nxe5
15. Rfd1 Nxf3+ 16. Bxf3 Nf5 17. g3 Be6 18. Qa4 Rfd8 19. Rxd8+ Qxd8 20. Rd1 Qb6
21. Qc2 Rd8 22. Rxd8+ Qxd8 23. a3 Nd6 24. Ne2 Qa5 25. Qc1 Nc4 26. Nc3 Qb6 27.
Nd1 Qb3 28. Be2 a5 29. h4 b5 30. f3 c5 31. Kf2 b4 32. a4 g6 33. e4 Kg7 34. f4
Nd6 35. Bf3 Qc4 36. Qe3 Qc2+ 37. Ke1 Qb3 38. Kf2 Qc2+ 39. Ke1 Bd7 40. h5 gxh5
41. f5 f6 42. e5 Nxf5 43. exf6+ Kxf6 44. Qf4 Qh2 0-1

[Event "XXVIII Festival Conca della Presolana A"]
[Site "Bratto - Castione della Presolana ITA"]
[Date "2008.08.27"]
[Round "6"]
[White "Stips, Felix"]
[Black "Martinez, Rolly"]
[Result "0-1"]
[WhiteElo "2061"]
[BlackElo "2441"]
[PlyCount "80"]
[EventDate "2008.08.22"]

1. e4 c5 2. f4 e6 3. Nf3 a6 4. Nc3 Nc6 5. g3 d5 6. exd5 exd5 7. d4 Nf6 8. Bg2
Be7 9. Be3 O-O 10. Ne5 Qa5 11. Qd2 cxd4 12. Nxc6 bxc6 13. Bxd4 Rb8 14. Ne4 Qd8
15. Nxf6+ Bxf6 16. O-O Bf5 17. c3 Bxd4+ 18. cxd4 Qb6 19. b3 a5 20. Rac1 a4 21.
bxa4 Rfc8 22. Rc5 Qb4 23. Qxb4 Rxb4 24. Rfc1 Rxd4 25. Rxc6 Rxc6 26. Rxc6 Kf8
27. Rc5 Rd1+ 28. Kf2 Rd2+ 29. Kg1 Ke7 30. Rxd5 Rxg2+ 31. Kh1 Be6 32. Re5 Rb2
33. Rh5 h6 34. Ra5 Bh3 35. Kg1 Rg2+ 36. Kh1 Rf2 37. Re5+ Kf6 38. Re1 Rxa2 39.
Kg1 Rxa4 40. Re2 Be6 0-1

[Event "XXVIII Festival Conca della Presolana A"]
[Site "Bratto - Castione della Presolana ITA"]
[Date "2008.08.27"]
[Round "6"]
[White "Tjiam, Dharma"]
[Black "Efimov, Igor"]
[Result "0-1"]
[WhiteElo "2372"]
[BlackElo "2458"]
[PlyCount "84"]
[EventDate "2008.08.22"]

1. d4 d6 2. e4 Nf6 3. Nc3 g6 4. f4 Bg7 5. Nf3 O-O 6. Bd3 Na6 7. O-O c5 8. d5
Nc7 9. Qe1 Rb8 10. a4 Na6 11. f5 Nb4 12. fxg6 fxg6 13. Qe2 Bg4 14. Nd1 Nxd3 15.
cxd3 e6 16. dxe6 Bxe6 17. Bg5 Qd7 18. Nc3 h6 19. Bf4 Nh5 20. Be3 Qe7 21. Qd2 g5
22. h3 Kh7 23. Nh2 Be5 24. d4 cxd4 25. Bxd4 Nf4 26. Nf3 Bc4 27. Bxe5 dxe5 28.
Rfd1 Nxh3+ 29. Kh2 Rbd8 30. Qe3 Nf4 31. g3 Nd3 32. b3 Ba6 33. Nd5 Qf7 34. Rf1
Qh5+ 35. Kg1 Qh3 36. Nh2 b6 37. Rf3 Nc5 38. b4 Ne6 39. Rc1 Nd4 40. Rc7+ Kh8 41.
Rxf8+ Rxf8 42. b5 Nf3+ 0-1

[Event "XXVIII Festival Conca della Presolana A"]
[Site "Bratto - Castione della Presolana ITA"]
[Date "2008.08.27"]
[Round "6"]
[White "Vancini, Edoardo"]
[Black "Cebalo, Miso"]
[Result "1/2-1/2"]
[WhiteElo "2273"]
[BlackElo "2523"]
[PlyCount "119"]
[EventDate "2008.08.22"]

1. e4 g6 2. d4 Bg7 3. c3 d6 4. Nf3 Nf6 5. Nbd2 O-O 6. Be2 c5 7. d5 e6 8. dxe6
Bxe6 9. O-O Nc6 10. Re1 Qc7 11. Bc4 Rfe8 12. Ng5 Bxc4 13. Nxc4 d5 14. exd5 Nxd5
15. Ne4 Nf6 16. Nxf6+ Bxf6 17. Rxe8+ Rxe8 18. Be3 Re6 19. Qb3 b6 20. a4 h5 21.
a5 Ne5 22. axb6 axb6 23. Nxe5 Bxe5 24. h3 Bf4 25. Bxf4 Qxf4 26. Qc2 Kg7 27. Rd1
Qc4 28. b3 Qf4 29. Qd3 h4 30. c4 Qe5 31. Qf3 Rf6 32. Qd3 Rf5 33. Qd2 Qf6 34.
Re1 Rf4 35. Re3 Rd4 36. Qe2 Qd6 37. g3 Rd2 38. Qf3 hxg3 39. Qxg3 Qxg3+ 40. Rxg3
f5 41. f4 Kh6 42. Kf1 Rb2 43. Ke1 Kh7 44. Kf1 Kg7 45. Ke1 Kh6 46. Kf1 Kh5 47.
Ke1 Kh4 48. Rxg6 Rxb3 49. Kf2 Kxh3 50. Rg5 Rb4 51. Kf3 Kh4 52. Rxf5 Rxc4 53.
Rf6 Rc3+ 54. Ke4 b5 55. Rg6 b4 56. Rg1 b3 57. f5 Rc2 58. f6 Rf2 59. Rb1 c4 60.
Kd4 1/2-1/2

[Event "XXVIII Festival Conca della Presolana A"]
[Site "Bratto - Castione della Presolana ITA"]
[Date "2008.08.27"]
[Round "6"]
[White "Vignoli, Matteo"]
[Black "Ricci, Alfredo"]
[Result "1/2-1/2"]
[WhiteElo "1992"]
[BlackElo "2069"]
[PlyCount "146"]
[EventDate "2008.08.22"]

1. e4 c5 2. Nf3 e6 3. d4 cxd4 4. Nxd4 a6 5. Nc3 Qc7 6. Be2 Nf6 7. O-O d6 8. a4
b6 9. f4 Nbd7 10. Bf3 Bb7 11. Qe1 Be7 12. Be3 O-O 13. Qg3 Rfe8 14. Kh1 Rac8 15.
Rae1 Bf8 16. e5 Bxf3 17. Nxf3 Nh5 18. Qh3 g6 19. Ng5 h6 20. Nf3 Qc6 21. Kg1 Ng7
22. g4 h5 23. gxh5 Nxh5 24. Rf2 Nc5 25. Rg2 Bg7 26. Qg4 dxe5 27. fxe5 Nd7 28.
Bd4 Qc7 29. Qg5 Qd8 30. Qg4 Rc4 31. b3 Rxd4 32. Qxd4 Nxe5 33. Rxe5 Qxd4+ 34.
Nxd4 Bxe5 35. Nce2 Rd8 36. Nf3 Bd6 37. Rg4 Kg7 38. Rc4 Bc5+ 39. Kg2 a5 40. h3
Nf6 41. Ne5 Nd5 42. Kf3 Rh8 43. h4 Ne3 44. Rxc5 bxc5 45. Kxe3 Rxh4 46. Nc4 f5
47. Nxa5 e5 48. Nb7 Rh3+ 49. Kf2 g5 50. Nxc5 Rh2+ 51. Kf1 g4 52. Nd7 e4 53. a5
e3 54. a6 Rh1+ 55. Kg2 Re1 56. a7 Ra1 57. Nb6 Rxa7 58. Nd5 Kg6 59. Nxe3 Kg5 60.
Kg3 Re7 61. Kf2 f4 62. Nd5 Rh7 63. Nexf4 Rh2+ 64. Ng2 Rh1 65. Nde3 Rh3 66. Ke2
g3 67. Kf3 Kf6 68. Kg4 Rh1 69. Kxg3 Ke5 70. Kf3 Kd4 71. Ke2 Kc3 72. Nf4 Rh2+
73. Kf3 Rxc2 1/2-1/2

[Event "XXVIII Festival Conca della Presolana A"]
[Site "Bratto - Castione della Presolana ITA"]
[Date "2008.08.27"]
[Round "6"]
[White "Vinzoni, Andrea"]
[Black "Pagnoncelli, Marco"]
[Result "1-0"]
[WhiteElo "2062"]
[BlackElo "2126"]
[PlyCount "117"]
[EventDate "2008.08.22"]

1. d4 Nf6 2. c4 c5 3. d5 b5 4. Qc2 g6 5. e4 Bg7 6. Nf3 O-O 7. cxb5 a6 8. Nc3 d6
9. h3 Nbd7 10. a4 axb5 11. Bxb5 e6 12. O-O exd5 13. exd5 Ba6 14. Bf4 Nb6 15.
Rfd1 Nh5 16. Bh2 Bxc3 17. bxc3 Bxb5 18. axb5 Rxa1 19. Rxa1 Nxd5 20. Qd2 Nhf6
21. c4 Nb6 22. Qxd6 Qxd6 23. Bxd6 Rc8 24. Rc1 Nfd7 25. Ne5 Nxe5 26. Bxe5 Kf8
27. Bf4 Ke7 28. Kf1 Kd7 29. Rd1+ Ke7 30. Rc1 Kd7 31. Ke2 f5 32. Be3 Kd6 33. Kf3
Ke5 34. g3 Ke6 35. h4 Ke5 36. Rc2 Ke6 37. Ke2 Kd6 38. Rd2+ Ke6 39. Kd3 Rd8+ 40.
Kc3 Rxd2 41. Bxd2 Kd6 42. Bf4+ Kd7 43. Kb3 Kc8 44. f3 h5 45. Bd6 Nd7 46. Kc3
Kb7 47. Kd3 Kc8 48. Ke3 Nb6 49. Bxc5 Nxc4+ 50. Kf4 Kd7 51. Kg5 Ke6 52. Kxg6
Ne5+ 53. Kxh5 Nxf3 54. b6 Kd7 55. Bf2 Nd2 56. Kg6 Ne4 57. Be1 Nd6 58. h5 Ke6
59. h6 1-0

[Event "XXVIII Festival Conca della Presolana A"]
[Site "Bratto - Castione della Presolana ITA"]
[Date "2008.08.28"]
[Round "7"]
[White "Andreoli, Renato"]
[Black "Ranfagni, Stefano"]
[Result "1-0"]
[WhiteElo "2139"]
[BlackElo "2049"]
[PlyCount "99"]
[EventDate "2008.08.22"]

1. Nf3 d5 2. g3 e6 3. Bg2 f5 4. O-O Nf6 5. d3 Bd6 6. Nc3 e5 7. e4 d4 8. Nb5
fxe4 9. dxe4 O-O 10. c3 c5 11. cxd4 cxd4 12. Qb3+ Kh8 13. Ng5 a6 14. Nxd6 Qxd6
15. Nf7+ Rxf7 16. Qxf7 Nc6 17. Qb3 b5 18. Bd2 Be6 19. Qd1 d3 20. b3 Nd4 21. h3
Rc8 22. Kh2 Rc2 23. f4 h5 24. fxe5 Qxe5 25. Bf4 Qxe4 26. Qxc2 dxc2 27. Bxe4
Nxe4 28. Rac1 Kh7 29. Be3 Nf5 30. Rf3 Kg6 31. Rxc2 Bd5 32. g4 Nh4 33. gxh5+
Kxh5 34. Rf8 Kg6 35. Rc1 Nf6 36. Rc7 Nf3+ 37. Kg3 Nh5+ 38. Kf2 Ne5 39. Ra7 Nd3+
40. Ke2 Nb4 41. Bd2 Ng3+ 42. Kf2 Ne4+ 43. Ke3 Nxd2 44. Kxd2 Kh7 45. Rd8 Be6 46.
Rd6 Bxh3 47. Rd4 Nc6 48. Rh4+ Kg6 49. Rc7 Bg2 50. Rg4+ 1-0

[Event "XXVIII Festival Conca della Presolana A"]
[Site "Bratto - Castione della Presolana ITA"]
[Date "2008.08.28"]
[Round "7"]
[White "Angelini, Marco"]
[Black "Ranieri, Fabrizio"]
[Result "0-1"]
[WhiteElo "1987"]
[BlackElo "2245"]
[PlyCount "38"]
[EventDate "2008.08.22"]

1. e4 e6 2. d4 d5 3. exd5 exd5 4. c4 Nf6 5. Nf3 Bg4 6. Be2 Bb4+ 7. Nc3 O-O 8.
O-O dxc4 9. Bxc4 Nc6 10. Be3 Qd7 11. a3 Bd6 12. d5 Ne7 13. Be2 Nexd5 14. Nxd5
Nxd5 15. Bd4 Nf4 16. Bc4 Qf5 17. Qb3 Qh5 18. Rfe1 Bxf3 19. Qxf3 Ne2+ 0-1

[Event "XXVIII Festival Conca della Presolana A"]
[Site "Bratto - Castione della Presolana ITA"]
[Date "2008.08.28"]
[Round "7"]
[White "Astengo, Corrado"]
[Black "Boccalatte, Piero"]
[Result "1-0"]
[WhiteElo "2121"]
[BlackElo "2011"]
[PlyCount "89"]
[EventDate "2008.08.22"]

1. d4 d5 2. c4 c6 3. Nc3 e6 4. Bf4 Bd6 5. Bxd6 Qxd6 6. e3 Nf6 7. Nf3 Nbd7 8. a3
O-O 9. Be2 dxc4 10. e4 e5 11. dxe5 Qxd1+ 12. Rxd1 Ng4 13. e6 fxe6 14. Bxc4 Nde5
15. Nxe5 Nxe5 16. Ba2 g6 17. O-O Kg7 18. f4 Ng4 19. Rf3 e5 20. h3 exf4 21. hxg4
Bxg4 22. Rd2 Bxf3 23. Rd7+ Kh6 24. gxf3 b6 25. e5 Rfd8 26. e6 Rxd7 27. exd7 Kg7
28. Ne4 Kf8 29. Be6 Ke7 30. Bh3 h6 31. Nd2 Kd6 32. Kf2 c5 33. Ne4+ Ke5 34. Ke2
c4 35. Kd2 Rf8 36. Kc3 Kd5 37. Nf6+ Kd6 38. Kxc4 Kc7 39. Ne8+ Kd8 40. Kd5 h5
41. Nd6 g5 42. Nb7+ Kc7 43. d8=Q+ Rxd8+ 44. Nxd8 Kxd8 45. Ke4 1-0

[Event "XXVIII Festival Conca della Presolana A"]
[Site "Bratto - Castione della Presolana ITA"]
[Date "2008.08.28"]
[Round "7"]
[White "Barberi, Alessandro"]
[Black "Galli, Fabio"]
[Result "1-0"]
[WhiteElo "2153"]
[BlackElo "2070"]
[PlyCount "109"]
[EventDate "2008.08.22"]

1. d4 d6 2. c4 e5 3. e3 Nc6 4. Nc3 g6 5. g4 Bg7 6. d5 Nce7 7. e4 h5 8. gxh5
Rxh5 9. Be2 Rh8 10. Be3 f5 11. exf5 Nxf5 12. Nf3 Nxe3 13. fxe3 Bh6 14. Qd2 Nf6
15. O-O Ng4 16. Nd1 e4 17. Qd4 Nf6 18. Nd2 Bg7 19. Nxe4 Nh5 20. Bxh5 Bxd4 21.
Bxg6+ Kd7 22. Rf7+ Qe7 23. exd4 Qxf7 24. Bxf7 Ke7 25. Be6 Bxe6 26. dxe6 Rag8+
27. Ng3 Kxe6 28. Nc3 Rh4 29. Re1+ Kd7 30. Re4 Rh7 31. Rf4 Rgh8 32. Rf2 a5 33.
b3 c6 34. d5 Rg7 35. Nce4 Kc7 36. Rf6 Rgh7 37. Nxd6 Rxh2 38. Nf7 R8h3 39. d6+
Kc8 40. Ne5 Rh8 41. d7+ Kc7 42. d8=Q+ Kxd8 43. Nf7+ Kc7 44. Nxh8 Rxh8 45. c5
Rd8 46. Ne4 Rd1+ 47. Kf2 Ra1 48. Rf7+ Kb8 49. a4 Rb1 50. Nd2 Rc1 51. Nc4 Ka7
52. Ke2 Ka6 53. Rf8 b6 54. cxb6 c5 55. Ra8+ 1-0

[Event "XXVIII Festival Conca della Presolana A"]
[Site "Bratto - Castione della Presolana ITA"]
[Date "2008.08.28"]
[Round "7"]
[White "Bellavita, Guido"]
[Black "De Florio, Federico"]
[Result "1/2-1/2"]
[WhiteElo "2101"]
[BlackElo "2106"]
[PlyCount "58"]
[EventDate "2008.08.22"]

1. c4 Nf6 2. Nc3 c6 3. d4 d5 4. cxd5 cxd5 5. Bf4 Nc6 6. e3 e6 7. Nf3 Bb4 8. Bd3
Ne4 9. Bxe4 dxe4 10. Nd2 f5 11. O-O O-O 12. Qb3 Bxc3 13. Qxc3 g5 14. Be5 Nxe5
15. dxe5 Bd7 16. Qb3 Qe7 17. Qxb7 Rfb8 18. Qc7 Rxb2 19. Nb3 Rc8 20. Qxa7 Qe8
21. Nd4 Ra8 22. Qc7 Rab8 23. a4 f4 24. a5 f3 25. a6 fxg2 26. Kxg2 Bb5 27. Nxb5
R2xb5 28. a7 Ra8 29. Rab1 Qf8 1/2-1/2

[Event "XXVIII Festival Conca della Presolana A"]
[Site "Bratto - Castione della Presolana ITA"]
[Date "2008.08.28"]
[Round "7"]
[White "Bellia, Fabrizio"]
[Black "Horvath, Csaba"]
[Result "1/2-1/2"]
[WhiteElo "2403"]
[BlackElo "2537"]
[PlyCount "34"]
[EventDate "2008.08.22"]

1. e4 c5 2. Nf3 e6 3. d4 cxd4 4. Nxd4 a6 5. Nc3 Qc7 6. Bd3 Nf6 7. O-O Bc5 8.
Nb3 Be7 9. f4 d6 10. a4 Nc6 11. a5 b5 12. axb6 Qxb6+ 13. Kh1 O-O 14. Qe2 Nb4
15. Be3 Qc7 16. Na5 Rb8 17. Bd4 e5 1/2-1/2

[Event "XXVIII Festival Conca della Presolana A"]
[Site "Bratto - Castione della Presolana ITA"]
[Date "2008.08.28"]
[Round "7"]
[White "Bernardi, Ruben"]
[Black "Marholev, Dimitar"]
[Result "0-1"]
[WhiteElo "2140"]
[BlackElo "2366"]
[PlyCount "88"]
[EventDate "2008.08.22"]

1. e4 e5 2. Nf3 Nc6 3. Nc3 g6 4. d4 exd4 5. Nxd4 Bg7 6. Nde2 Nf6 7. g3 O-O 8.
Bg2 Re8 9. O-O Rb8 10. f4 d6 11. h3 Bd7 12. a4 a6 13. a5 Na7 14. Re1 Nb5 15.
Nxb5 axb5 16. Nc3 h5 17. e5 dxe5 18. fxe5 Nh7 19. Bf4 Qc8 20. Kh2 g5 21. Qxh5
gxf4 22. gxf4 Re6 23. Nd5 Qd8 24. Ra3 Rh6 25. Qd1 c6 26. Ne3 Qh4 27. Qxd7 Qxe1
28. Nf5 Rg6 29. Ne7+ Kh8 30. Nxg6+ fxg6 31. Rg3 Bh6 32. Qf7 Rg8 33. e6 Qf2 34.
Rf3 Qd4 35. e7 Nf6 36. c3 Bxf4+ 37. Kh1 Qe5 38. a6 bxa6 39. Kg1 Re8 40. Qf8+
Kh7 41. Qf7+ Kh6 42. Rf1 Rxe7 43. Qf8+ Rg7 44. Qh8+ Nh7 0-1

[Event "XXVIII Festival Conca della Presolana A"]
[Site "Bratto - Castione della Presolana ITA"]
[Date "2008.08.28"]
[Round "7"]
[White "Bertagia, Roldano"]
[Black "Piemonti, Carlo"]
[Result "1/2-1/2"]
[WhiteElo "2019"]
[BlackElo "2051"]
[PlyCount "64"]
[EventDate "2008.08.22"]

1. e4 c5 2. Nf3 Nc6 3. d4 cxd4 4. Nxd4 Nf6 5. Nc3 d6 6. Be2 e6 7. O-O Be7 8.
Kh1 O-O 9. Be3 a6 10. a4 Qc7 11. f4 Bd7 12. Bf3 Nxd4 13. Qxd4 Bc6 14. Rfd1 b5
15. axb5 axb5 16. Rxa8 Rxa8 17. Qb4 Qb7 18. h3 d5 19. Bc5 Bxc5 20. Qxc5 dxe4
21. Be2 b4 22. Nb1 h6 23. Nd2 Rd8 24. Nc4 Rxd1+ 25. Bxd1 Bd5 26. Ne3 Bc6 27.
Nc4 Nd5 28. Na5 Qb5 29. Qxc6 Qf1+ 30. Kh2 Qxf4+ 31. Kg1 Qe3+ 32. Kh2 Qf4+
1/2-1/2

[Event "XXVIII Festival Conca della Presolana A"]
[Site "Bratto - Castione della Presolana ITA"]
[Date "2008.08.28"]
[Round "7"]
[White "Brun, Dario"]
[Black "Barlocco, Carlo"]
[Result "1-0"]
[WhiteElo "2245"]
[BlackElo "2150"]
[PlyCount "57"]
[EventDate "2008.08.22"]

1. d4 Nf6 2. c4 e6 3. Nc3 d5 4. Bg5 c5 5. cxd5 cxd4 6. Qxd4 Be7 7. e4 Nc6 8.
Qd2 exd5 9. Bxf6 Bxf6 10. exd5 Nd4 11. Nge2 Nf5 12. g3 O-O 13. Bg2 Nd6 14. O-O
Bf5 15. Nd4 Nc4 16. Qe2 Bxd4 17. Qxc4 Qf6 18. Rad1 Bb6 19. d6 Rad8 20. Qf4 g5
21. Qb4 Qg6 22. Nd5 Kg7 23. Qc3+ Kh6 24. Ne7 Qe6 25. Rfe1 Qd7 26. Qf6+ Bg6 27.
Re5 Qg4 28. Bf3 Qh3 29. Nf5+ 1-0

[Event "XXVIII Festival Conca della Presolana A"]
[Site "Bratto - Castione della Presolana ITA"]
[Date "2008.08.28"]
[Round "7"]
[White "Brunello, Sabino"]
[Black "Levin, Felix"]
[Result "1/2-1/2"]
[WhiteElo "2482"]
[BlackElo "2564"]
[PlyCount "40"]
[EventDate "2008.08.22"]

1. d4 Nf6 2. c4 e6 3. g3 d5 4. Nf3 Bb4+ 5. Bd2 Be7 6. Bg2 O-O 7. O-O c6 8. Qb3
Nbd7 9. Nc3 b6 10. cxd5 cxd5 11. Rfc1 Bb7 12. a4 a6 13. a5 Ne4 14. axb6 Nxd2
15. Nxd2 Nxb6 16. Na4 Nxa4 17. Qxb7 Rb8 18. Qxa6 Rxb2 19. Qxa4 Rxd2 20. Rc2
Rxc2 1/2-1/2

[Event "XXVIII Festival Conca della Presolana A"]
[Site "Bratto - Castione della Presolana ITA"]
[Date "2008.08.28"]
[Round "7"]
[White "Burmakin, Vladimir"]
[Black "Colovic, Aleksandar"]
[Result "1-0"]
[WhiteElo "2625"]
[BlackElo "2470"]
[PlyCount "67"]
[EventDate "2008.08.22"]

1. d4 d5 2. c4 c6 3. Nf3 Nf6 4. e3 e6 5. Bd3 dxc4 6. Bxc4 Nbd7 7. O-O Bd6 8.
Nbd2 c5 9. dxc5 Bxc5 10. Nb3 Be7 11. Bd2 Nb6 12. Be2 Nbd5 13. Rc1 O-O 14. Ne5
Bd6 15. Nc4 Bb8 16. Bf3 Bd7 17. e4 Nb6 18. Nca5 Na4 19. Nxb7 Bxh2+ 20. Kxh2
Qb8+ 21. e5 Qxe5+ 22. Kg1 Nxb2 23. Qe2 Qxe2 24. Bxe2 Rab8 25. N7c5 Na4 26. Nxd7
Nxd7 27. Rc7 Nab6 28. Rxa7 Ra8 29. Rxa8 Rxa8 30. Ba5 Nd5 31. Bb5 Nc5 32. Rc1
Nxb3 33. axb3 h5 34. Be1 1-0

[Event "XXVIII Festival Conca della Presolana A"]
[Site "Bratto - Castione della Presolana ITA"]
[Date "2008.08.28"]
[Round "7"]
[White "Cardili, Mariano"]
[Black "Di Fonzo, Valerio"]
[Result "1/2-1/2"]
[WhiteElo "2100"]
[BlackElo "2212"]
[PlyCount "97"]
[EventDate "2008.08.22"]

1. d4 Nf6 2. c4 g6 3. Nc3 d5 4. cxd5 Nxd5 5. e4 Nxc3 6. bxc3 Bg7 7. Bc4 c5 8.
Ne2 Nc6 9. Be3 O-O 10. O-O Bd7 11. Qd2 cxd4 12. cxd4 Qa5 13. Qb2 Rab8 14. Bd2
Qc7 15. Rac1 b5 16. Bb3 Qb6 17. Be3 Na5 18. Qd2 Nxb3 19. axb3 Qb7 20. d5 e6 21.
b4 exd5 22. exd5 Rfd8 23. Bc5 Be6 24. d6 Bc4 25. Rfe1 Rd7 26. Ng3 Rbd8 27. Qf4
Bd5 28. Ne4 Bxe4 29. Qxe4 Qxe4 30. Rxe4 Bf8 31. Rd1 f5 32. Red4 Kf7 33. g3 Rc8
34. R4d2 Rc6 35. Ra2 Bxd6 36. Rxd6 Rcxd6 37. Bxd6 Rxd6 38. Rxa7+ Ke6 39. Rb7
Rd5 40. h4 h5 41. Kf1 f4 42. gxf4 Kf5 43. Rb6 Kxf4 44. Rxg6 Rd4 45. Rg5 Rxb4
46. Rxh5 Kf3 47. Ke1 Re4+ 48. Kd2 Kxf2 49. Rxb5 1/2-1/2

[Event "XXVIII Festival Conca della Presolana A"]
[Site "Bratto - Castione della Presolana ITA"]
[Date "2008.08.28"]
[Round "7"]
[White "Carrara, Diego"]
[Black "Griffa, Roberto"]
[Result "1/2-1/2"]
[WhiteElo "2043"]
[BlackElo "2084"]
[PlyCount "29"]
[EventDate "2008.08.22"]

1. e4 d5 2. Nc3 dxe4 3. Nxe4 Bf5 4. Ng3 Bg6 5. d4 Nf6 6. Nf3 e6 7. c3 Nbd7 8.
Bd3 c5 9. Bxg6 hxg6 10. O-O Qc7 11. Be3 Be7 12. Re1 O-O 13. dxc5 Nxc5 14. Bd4
a5 15. Qe2 1/2-1/2

[Event "XXVIII Festival Conca della Presolana A"]
[Site "Bratto - Castione della Presolana ITA"]
[Date "2008.08.28"]
[Round "7"]
[White "Castelfranchi, Carlo"]
[Black "Jablon, Stephen"]
[Result "1-0"]
[WhiteElo "2088"]
[BlackElo "1994"]
[PlyCount "73"]
[EventDate "2008.08.22"]

1. e4 Nc6 2. d4 d5 3. Nc3 e6 4. e5 Nge7 5. Bg5 h6 6. Qh5 Nxd4 7. O-O-O c5 8.
Rxd4 cxd4 9. Nb5 hxg5 10. Qxh8 Nf5 11. Nf3 a6 12. g4 axb5 13. gxf5 Qa5 14. Bd3
Qxa2 15. Nxg5 Qa1+ 16. Kd2 Qxb2 17. Nh7 Qb4+ 18. Ke2 exf5 19. Rb1 Qxb1 20.
Qxf8+ Kd7 21. Qd6+ Ke8 22. Nf6+ gxf6 23. exf6 Qb4 24. Qxb4 Kd7 25. Bxf5+ Kc6
26. Bd3 Bg4+ 27. f3 Re8+ 28. Kf2 Bd7 29. Bxb5+ Kc7 30. Bxd7 Kxd7 31. Qxd4 Ke6
32. f4 Kf5 33. Qxd5+ Kxf4 34. Qxf7 Rc8 35. Qb3 Rc6 36. Qf3+ Ke5 37. Qxc6 1-0

[Event "XXVIII Festival Conca della Presolana A"]
[Site "Bratto - Castione della Presolana ITA"]
[Date "2008.08.28"]
[Round "7"]
[White "Cebalo, Miso"]
[Black "Bentivegna, Francesco"]
[Result "1-0"]
[WhiteElo "2523"]
[BlackElo "2329"]
[PlyCount "49"]
[EventDate "2008.08.22"]

1. d4 d5 2. Nf3 c5 3. c4 e6 4. cxd5 exd5 5. g3 Nc6 6. Bg2 Nf6 7. O-O Be7 8. Nc3
O-O 9. Bg5 cxd4 10. Nxd4 h6 11. Be3 Re8 12. Rc1 Bf8 13. h3 Be6 14. Nxe6 fxe6
15. f4 Qd7 16. Bf2 Rad8 17. Qb3 b6 18. Rfd1 Na5 19. Qb5 Kh8 20. Qxd7 Rxd7 21.
e4 Rc8 22. e5 Ne8 23. Nb5 Bc5 24. Kf1 Nc4 25. Rxc4 1-0